banner-ar

القرار الاستراتيجي في ضوء المتغيرات الدولية : (Record no. 62752)

MARC details
000 -الفاتح
حقل البيانات ثابتة الطول 01118nam a22002537a 4500
005 - وقت وتاريخ اخر تعامل مع التسجيلة
رقم الضبط 20240530110605.0
008 - عناصر البيانات ثابتة الطول - معلومات عامة
حقل البيانات ثابتة الطول 161102s2015 ua k ag b 000 0 ara d
017 ## - رقم الايداع القانونى
رقم الايداع القانونى 2014/11223
المصدر ( الهيئة المختصة) مصر. دار الكتب
020 ## - الرقم الدولى المعيارى للكتب
الرقم الدولى المعيارى للكتاب 9789772767403
040 ## - مصدر الفهرسة
وكالة الفهرسة الأصلية EG-CaGPL
وكالة النسخ EG-CaGPL
082 04 - رقم تصنيف ديوى العشرى
رقم الطبعة 21
رقم التصنيف 320.6\
رقم المادة ع ق
100 0# - المدخل الرئيسى - إسم شخصى
الإسم الشخصى عبدالمنعم محمد عدلي عبدالمنعم
245 12 - بيان العنوان
العنوان القرار الاستراتيجي في ضوء المتغيرات الدولية :
بقية العنوان دراسة في صنع القرار نموذج للتحليل/
بيان المسئوليه,etc عبدالمنعم محمد عدلي عبدالمنعم
250 ## - بيان الطبعة
بيان الطبعة ط .1
260 ## - PUBLICATION, DISTRIBUTION, ETC. (IMPRINT)
تاريخ النشر أو التوزيع 2015 .
300 ## - الوصف المادى
التعداد 369 ص :
تفاصيل ماديه اخرى للوعاء ايض ؛
أبعاد الوعاء 24 سم .
490 0# - بيان السلسلة
عنوان السلسلة السياسة الدولية و الاستراتيجية
504 ## - تبصرة ببليوجرافية
تبصرة ببليوجرافية,الخ يشتمل على ارجاعات اضافية .
650 07 - المدخل الاضافى بالموضوع-مصطلح موضوعى
مصدر الرأس أو المصطلح qrmak
مصطلح موضوعي السياسة الدولية
650 07 - المدخل الاضافى بالموضوع-مصطلح موضوعى
مصدر الرأس أو المصطلح qrmak
مصطلح موضوعي القرارات السياسية
650 07 - المدخل الاضافى بالموضوع-مصطلح موضوعى
مصدر الرأس أو المصطلح qrmak
مصطلح موضوعي اتخاذ القرارات
942 ## - عناصر المدخل الإضافي( كوها)
مصدر التصنيف او مخطط الترفيف Dewey Decimal Classification
Koha [default] item type كتاب
260 ## - PUBLICATION, DISTRIBUTION, ETC. (IMPRINT)
-- القاهرة :
-- المكتب العربي للمعارف ،
Holdings
حالة التراجع حالة الفقد حالة تلف ليس للاعارة المكان المؤقت الموقع الحالى موقع الترفيف تاريخ الاكتساب اجمالي اﻻعارات رقم الطلب الباركود تاريخ اخر مشاهدة تاريخ تفعيل السعر نوع وعاء كوها
        مكتبة القاهرة الكبرى مكتبة القاهرة الكبرى القاعة الرئيسية 11/02/2016   320.6\ ع ق 162600 11/02/2016 11/02/2016 كتاب

Powered By

EGPV